Tourism and heritage resources in Garhwal Himalaya : (Record no. 130799)
[ view plain ]
| 000 -LEADER | |
|---|---|
| fixed length control field | 00752nam a22002297a 4500 |
| 005 - DATE AND TIME OF LATEST TRANSACTION | |
| control field | 20170124110117.0 |
| 010 ## - LIBRARY OF CONGRESS CONTROL NUMBER | |
| LC control number | B-079976 |
| 020 ## - INTERNATIONAL STANDARD BOOK NUMBER | |
| Terms of availability | 00.00 |
| International Standard Book Number | 817279056 |
| 035 ## - SYSTEM CONTROL NUMBER | |
| System control number | B-079976 |
| 037 ## - SOURCE OF ACQUISITION | |
| Source of stock number/acquisition | Cen Lib/Ret |
| 040 ## - CATALOGING SOURCE | |
| Original cataloging agency | DPL |
| Language of cataloging | EN |
| 082 ## - DEWEY DECIMAL CLASSIFICATION NUMBER | |
| Classification number | 915.413 |
| Item number | GUP |
| 100 ## - MAIN ENTRY--PERSONAL NAME | |
| Personal name | Gupta, S.K. |
| 9 (RLIN) | 20336 |
| 245 ## - TITLE STATEMENT | |
| Title | Tourism and heritage resources in Garhwal Himalaya : |
| Statement of responsibility, etc | by S.K. Gupta |
| Remainder of title | an approach to planning and management / |
| 260 ## - PUBLICATION, DISTRIBUTION, ETC. (IMPRINT) | |
| Place of publication, distribution, etc | New Delhi |
| Name of publisher, distributor, etc | Kaveri Books |
| Date of publication, distribution, etc | 1966 |
| 270 ## - ADDRESS | |
| Address | 4697/5A, Ansari Road |
| City | New Delhi |
| Postal code | 110002 |
| 300 ## - PHYSICAL DESCRIPTION | |
| Extent | xiv, 417p. |
| Dimensions | 21cm(Hb) |
| 500 ## - GENERAL NOTE | |
| General note | Includes bibliographical reference and index |
| 650 ## - SUBJECT ADDED ENTRY--TOPICAL TERM | |
| Topical term or geographic name as entry element | Tourism |
| 9 (RLIN) | 106085 |
| 650 ## - SUBJECT ADDED ENTRY--TOPICAL TERM | |
| Topical term or geographic name as entry element | Garhwal (India : Region) |
| 9 (RLIN) | 30133 |
| 942 ## - ADDED ENTRY ELEMENTS (KOHA) | |
| Source of classification or shelving scheme | Dewey Decimal Classification |
| Koha item type | English Books |
| Classification part | 915.413 |
| Call number suffix | GUP |
| Withdrawn status | Lost status | Damaged status | Not for loan | Home library | Current library | Date acquired | Source of acquisition | Cost, normal purchase price | Total Checkouts | Full call number | Barcode | Date last seen | Date checked out | Copy number | Cost, replacement price | Price effective from | Koha item type | Source of classification or shelving scheme | Collection code | Public note |
|---|---|---|---|---|---|---|---|---|---|---|---|---|---|---|---|---|---|---|---|---|
| Central Library | Central Library | 10/07/2015 | Cen Lib/Ret | 0.00 | 1 | 915.413 GUP | B-079976 | 13/01/2022 | 12/01/2022 | 1 | 0.00 | 10/07/2015 | English Books | |||||||
| Sarojini Nagar | Sarojini Nagar | 21/05/2019 | 915.413 GUP | B-079977 | 21/05/2019 | 21/05/2019 | English Books | Dewey Decimal Classification | Non-fiction | Withdrawn List Prepared L.No.17/17 |
